000 00554pam a2200205 i 4500
005 20260322212010.0
008 data
010 _a 80007632
020 _a0394513266 :
_c{dollar}10.00 (est.)
020 _a9780394513263 :
_c{dollar}10.00 (est.)
040 _aDLC
_cDLC
_dDLC
050 0 0 _aPR6017.N79
_bS6 1980
082 0 0 _a823/.912
099 _aINNESH
100 1 _aInnes, Hammond,
_d1913-
245 1 0 _aSolomons seal /
_cHammond Innes.
260 _aNew York :
_bKnopf : distributed by Random House,
_c1980.
300 _a340 p. ;
_c22 cm.
001 data
999 _c204
_d204